• 首页
  • 本馆介绍
  • 公告通知
  • 最新文献
  • 馆藏检索
  • 电子资源
  • 读者导购
  • 参考咨询
  • 我的图书馆
  • 登录
  • 详细信息显示
  • 放入我的书架
  • 预约/预借图书
  • 作者相关作品
  • 分类相关作品
  • 丛书相关作品
  • 出版社相关作品

书目信息

  • 表格格式
  • 工作单格式
  • 卡片格式
题名:
一学就会作文秘籍
    
 
作者: ;学而思教研中心 编著
分册:   6年级
出版信息: 北京   现代教育出版社  2019.09
页数: 140页
开本: 26cm
丛书名:
单 册:
中图分类: G624.243
科图分类:
主题词: 作文课--小学--教学参考资料
电子资源:
ISBN: 978-7-5106-7436-5
000 00847nam0 2200241 450
001 0103152645
005 20201103152730.0
010    @a978-7-5106-7436-5@dCNY29.80
100    @a20200408d2019 cemy0chiy50 ea
101 0  @achi
102    @aCN@b110000
105    @aa z 000yy
106    @ar
200 1  @a一学就会作文秘籍@Ayi xue jiu hui zuo wen mi ji@i6年级@i为考试加把劲!@f学而思教研中心编著
210    @a北京@c现代教育出版社@d2019.09
215    @a140页@c彩图@d26cm
300    @a学而思根据教育部义务教育语文课程标准编写
330    @a本书分为6部分,内容包括:命题作文、话题作文、材料作文、如何开头结尾、名言佳句积累、考场实战技巧。
606 0  @a作文课@x小学@j教学参考资料
690    @aG624.243@v5
711 02 @a学而思教研中心@Axue er si jiao yan zhong xin@4编著
801  0 @aCN@bBJSZM@c20201103
905    @b1255736-40@dG624.243@e1033@f5
    
    一学就会作文秘籍.6年级.为考试加把劲!/学而思教研中心编著.-北京:现代教育出版社,2019.09
    140页:彩图;26cm
    学而思根据教育部义务教育语文课程标准编写
    
    ISBN 978-7-5106-7436-5:CNY29.80
    本书分为6部分,内容包括:命题作文、话题作文、材料作文、如何开头结尾、名言佳句积累、考场实战技巧。
●
相关链接 在E读中查询图书 在五车中查询图书 在当当中查询图书 在豆瓣中查询图书


正题名:一学就会作文秘籍     索取号:G624.243/1033         预约/预借

序号 登录号 条形码 馆藏地/架位号 状态 备注
1 1255736   212557366   第一样本阅览室/ [索取号:G624.243/1033] 在馆    
2 1255737   212557375   教育系资料室/ [索取号:G624.243/1033] 在馆    
3 1255738   212557384   教育系资料室/ [索取号:G624.243/1033] 在馆    
4 1255739   212557393   第四借阅区/ [索取号:G624.243/1033] 在馆    
5 1255740   212557400   第四借阅区/ [索取号:G624.243/1033] 在馆    
唐山师范学院图书馆 欢迎您!
大连网信软件有限公司© 版权所有